| 000 | 00514nam a22000977a 4500 | ||
|---|---|---|---|
| 008 | 160521b xxu||||| |||| 00| 0 eng d | ||
| 100 | _aSandberg, Otto | ||
| 245 | _aKatalog over lokalfrimarken, jarnvagsfrimarken, angbatsfrimarken, stampelfrimarken, Julmarken, Roda kors marken, Svenska Flaggans Dag's marken | ||
| 260 |
_aOtto Sandberg _bGoteborg, Sweden _c1946 |
||
| 650 | _aSweden | Seals and Labels | Railway Letter Stamps | Locals and Private Posts | Cinderella Material | Norway | Iceland | Finland | Denmark | Germany | ||
| 999 |
_c2022 _d2022 |
||